000 00983nam a2200265 a 4500
001 646
003 BR-CuiBMT
005 20231112013624.0
008 231108s2002 spba 001 0 por d
020 _a8522431752
040 _aBR-CuiBMT
_cBR-CuiBMT
080 _a351.72
_22007
090 _a351.72
_bP348c
_c2. ed.
100 1 _aPazzaglini Filho, Marino,
_d1943-
245 1 0 _aCrimes de responsabilidade fiscal :
_batos de improbidade administrativa por violação da LRF /
_cMarino Pazzaglini Filho.
250 _a2. ed.
260 _aSão Paulo :
_bAtlas ;
_c2006.
300 _a264 p. :
_bil. ;
_c24 cm
500 _aLei n. 10.028, de 19-10-2000. Lei complementar n. 101, de 4-5-2000. Lei n. 8.429, de 2-6-1992. Comentários e legislação.
504 _aInclui bibliografia e índice.
650 _aResponsabilidade administrativa
_zBrasil
650 _aCrime contra a administração pública
_zBrasil
650 _aCrime de responsabilidade
_zBrasil
942 _2udc
_cLV
999 _c646
_d646